Bibliography of seeds

Salvato in:
Dettagli Bibliografici
Natura: Libro
Lingua:Undetermined
Pubblicazione: New York Columbia Univ. Press 1967
Soggetti:
Tags: Aggiungi Tag
Nessun Tag, puoi essere il primo ad aggiungerne! !
Thư viện lưu trữ: Trung tâm Học liệu Trường Đại học Cần Thơ
LEADER 00425nam a2200157Ia 4500
001 CTU_25445
008 210402s9999 xx 000 0 und d
082 |a 016.631521 
082 |b B293 
245 0 |a Bibliography of seeds 
260 |a New York 
260 |b Columbia Univ. Press 
260 |c 1967 
650 |a agriculture - bibliography 
904 |i Minh, 980925 
980 |a Trung tâm Học liệu Trường Đại học Cần Thơ